English for marketing and advertising

A new series of short, specialist English courses for professions such as human resources, or marketing and advertising, and work skills such as telephoning, meetings, and presentations

সংরক্ষণ করুন:
গ্রন্থ-পঞ্জীর বিবরন
প্রধান লেখক: Gore, Sylee
বিন্যাস: গ্রন্থ
ভাষা:Undetermined
প্রকাশিত: Oxford, UK Oxford University Press 2007
বিষয়গুলি:
ট্যাগগুলো: ট্যাগ যুক্ত করুন
কোনো ট্যাগ নেই, প্রথমজন হিসাবে ট্যাগ করুন!
Thư viện lưu trữ: Trung tâm Học liệu Trường Đại học Cần Thơ
LEADER 00827nam a2200229Ia 4500
001 CTU_128068
008 210402s9999 xx 000 0 und d
020 |c 88000 
082 |a 428.3402465 
082 |b G666 
100 |a Gore, Sylee 
245 0 |a English for marketing and advertising 
245 0 |c Sylee Gore 
260 |a Oxford, UK 
260 |b Oxford University Press 
260 |c 2007 
520 |a A new series of short, specialist English courses for professions such as human resources, or marketing and advertising, and work skills such as telephoning, meetings, and presentations 
650 |a English language,Advertising 
650 |x Business English 
904 |i Minh 
910 |a Sách kèm 01 CD-ROM AV.005105, AVA.000972, AVA.000973 
980 |a Trung tâm Học liệu Trường Đại học Cần Thơ